| 000 | 00486nam a2200181Ia 4500 | ||
|---|---|---|---|
| 005 | 20250326125149.0 | ||
| 008 | 250326s9999 xx 000 0 und d | ||
| 037 | _aTextbook | ||
| 040 |
_aFMSL _beng _cFMSL |
||
| 041 |
_aeng _2eng |
||
| 084 |
_aX:97 K81 _qFMSL |
||
| 100 | _aSingh V B | ||
| 245 | 0 |
_aClimate for industrial relations _cSingh V B |
|
| 260 |
_aNew Delhi _bNew Delhi, Allied _c1968 |
||
| 300 | _a220p | ||
| 942 |
_cTB _hX:97 K81 |
||
| 999 |
_c1276819 _d1276819 |
||